| 000 | 01350nam a22003377a 4500 | ||
|---|---|---|---|
| 003 | OSt | ||
| 005 | 20230214015044.0 | ||
| 008 | 160122b xxu||||| |||| 00| 0 eng d | ||
| 010 | _a 2001043523 | ||
| 020 | _a0761121323 (pbk. : alk. paper) | ||
| 040 |
_aMMU _cMMU _dMMU _beng |
||
| 042 | _apcc | ||
| 050 | 0 | 0 |
_aRG525 _b.M87 2002 |
| 082 | 0 | 0 |
_a618.2/4 _221 |
| 100 | 1 | _aMurkoff, Heidi Eisenberg. | |
| 245 | 1 | 0 |
_aWhat to expect when you're expecting / _cHeidi Murkoff, Arlene Eisenberg & Sandee Hathaway ; medical consultant, Dr. Richard Aubry ; research consultant, Sharon Mazel. |
| 250 | _a3rd ed. | ||
| 260 |
_aNew York : _bWorkman Pub., _cc2002. |
||
| 300 |
_axxv, 597 p. : _bill. ; _c24 cm. |
||
| 500 | _aIncludes index. | ||
| 650 | 0 | _aPregnancy. | |
| 650 | 0 | _aChildbirth. | |
| 650 | 0 | _aPostnatal care. | |
| 700 | 1 | _aEisenberg, Arlene. | |
| 700 | 1 | _aHathaway, Sandee Eisenberg. | |
| 856 | 4 | 1 |
_3Table of contents only _uhttp://www.loc.gov/catdir/toc/fy036/2001043523.html |
| 856 | 4 | 2 |
_3Publisher description _uhttp://www.loc.gov/catdir/enhancements/fy0633/2001043523-d.html |
| 906 |
_a7 _bcbc _corignew _d1 _eocip _f20 _gy-gencatlg |
||
| 942 |
_2lcc _cLOAN LOAN |
||
| 999 |
_c16224 _d16224 |
||